000 00690cam a2200241 04500
001 5963
021 _b23733/88
090 _a5963
100 _a20211231d1988 a||y0pory5003 ba
200 1 _aA rainha caprichosa
_fMichele Kahn, Chica
210 9 _aPorto
_cPorto Editora
_dimp. 1988
215 _a[18] p.
_cmuito il.
_d24 cm
225 2 _aOs coelhinhos
304 _aTit. orig.: La reine des pommes fait des caprices
606 _914
_aLiteratura infantil
606 _913
_aLiteratura Estrangeira
675 _a82-93
_vBN
_zpor
675 _a821.1/.8
_vBN
_zpor
700 _aKahn
_bMichele
_95642
701 _aChica
_95643
801 0 _aPT
_bBMVN
_gRPC
830 _cAna Caetano
_d31/12/2021
990 _cLIVROS